Normal view
MARC view
- Parra, Porfirio,
Entry Nombre Personal
001 - NUMERO DE CONTROL
- campo de control: 51453
003 - IDENTIFICADOR DE NUMERO DE CONTROL
- campo de control: DLC
005 - FECHA Y HORA DE LA ÜLTIMA TRANSACCIÓN
- campo de control: 20240321122033.0
008 - DATOS DE LONGITUD FIJA
- campo de control de longitud fija: 970903n| acannaab| |n aaa c
010 ## - NÚMERO DE CONTROL DE LA BIBLIOTECA DEL CONGRESO
- Número de control LC: nr 97031045
040 ## - FUENTE DE CATALOGACIÓN
- Agencia original de catalogación: CSt
- Lenguaje de catalogación: spa
- Agencia de transcripción: CSt
- Agencia que lo modifica: MX-MxUPN
100 1# - ENCABEZAMIENTO - NOMBRE PERSONAL
- Nombre personal: Parra, Porfirio,
- Fechas asociadas con el nombre: 1856-1912
670 ## - FUENTE EN LA QUE SE LOCALIZARON DATOS
- Cita de la fuente: Pacotillas, 1900:
- Información localizada: portada (Porfirio Parra)
670 ## - FUENTE EN LA QUE SE LOCALIZARON DATOS
- Cita de la fuente: RLIN, Sept. 3, 1997
- Información localizada: (hdg.: Parra, Porfirio, 1856-1912; usage: Porfirio Parra)
670 ## - FUENTE EN LA QUE SE LOCALIZARON DATOS
- Cita de la fuente: Lógica inductiva y deductiva, 1903:
- Información localizada: portada (Porfirio Parra)
902 ## - CATALOGADOR
- Catalogador: Víctor Ruiz/210324
